Agricultural reviews (Record no. 25311)

MARC details
000 -LEADER
fixed length control field 00603nam a22001697a 4500
005 - DATE AND TIME OF LATEST TRANSACTION
control field 20090317152731.0
008 - FIXED-LENGTH DATA ELEMENTS--GENERAL INFORMATION
fixed length control field 090317t xxu||||| |||| 00| 0 eng d
022 ## - INTERNATIONAL STANDARD SERIAL NUMBER
International Standard Serial Number 0253-1496
245 ## - TITLE STATEMENT
Title Agricultural reviews
260 ## - PUBLICATION, DISTRIBUTION, ETC. (IMPRINT)
Place of publication, distribution, etc Karnal
Name of publisher, distributor, etc Agricultural Research Communication Center
Date of publication, distribution, etc 2008
300 ## - PHYSICAL DESCRIPTION
Extent v.
Dimensions 24 cm
310 ## - CURRENT PUBLICATION FREQUENCY
Current publication frequency Irregular
650 ## - SUBJECT ADDED ENTRY--TOPICAL TERM
Topical term or geographic name as entry element Agriculture
270 ## - ADDRESS
Address 1130, Sadar Bazar
City Hisar, Karnal
Postal code 132001
Telephone number 0184-2255080
Electronic mail address arccgoel@yahoo.co.in
942 ## - ADDED ENTRY ELEMENTS (KOHA)
Source of classification or shelving scheme Dewey Decimal Classification
Item type Periodicals
Classification part 630
Call number suffix AGR
Serial record 1
Holdings
Withdrawn status Lost status Source of classification or shelving scheme Damaged status Not for loan Collection code Home library Current library Date acquired Total Checkouts Full call number Date last seen Price effective from Koha item type
    Dewey Decimal Classification   Not For Loan Non-fiction D.B.Act.Division D.B.Act.Division 17/03/2009   630 AGR 17/03/2009 17/03/2009 Periodicals

© Delhi Public Library
Hit Counter
free hit counter